| 000 | 01615nam a2200181Ia 4500 | ||
|---|---|---|---|
| 999 |
_c8265 _d8265 |
||
| 005 | 20241127180736.0 | ||
| 008 | 230609s9999 xx 000 0 und d | ||
| 040 |
_aUPAN _cBiblioteca San Vicente _eRCAA2 |
||
| 041 | _aspa | ||
| 082 |
_a348.023 _bA798c _c1994 |
||
| 110 | _aAsamblea legislativa | ||
| 245 | 0 |
_aCodigo de trabajo/ _bAsamblea legislativa |
|
| 260 |
_aEl Salvador; _c1994, |
||
| 300 |
_a260 p.: _c18 cm. |
||
| 505 | _aLibro Primero. Titulo Preliminar: Disposiciones generales. Titulo Primero: Derecho individual de trabajo. Titulo Segundo: Del trabajo sujeto a regímenes especiales. Titulo Tercero: Salarios, jornadas de trabajo, descansos semanales, vacaciones, asuetos y aguinaldos. Libro Segundo: Derecho colectivo del trabajo. Titulo Primero: Asociaciones profesionales. Titulo Segundo: Del contrato colectivo de trabajo y de la convención colectiva de trabajo. Titulo Tercero: Procedimientos para uniformar las condiciones de trabajo en las diferentes actividades económicas. Titulo Cuarto: Reglamento interno de trabajo. Libro Tercero: Previsión y seguridad social. Titulo Primero: Prestaciones inmediatas a cargo del patrono. Titulo Segundo: Seguridad e higiene del trabajo. Titulo Tercero: Riesgos profesionales. Libro Cuarto: Derecho procesal de trabajo. Titulo Primero: De la jurisdicción, competencia y capacidad de las partes. Titulo Segundo: Procedimiento para los juicios individuales. Titulo Tercero: De los conflictos colectivos. Titulo Cuarto: De los recursos. Libro Quinto: Disposiciones finales. | ||
| 650 |
_2LEMB _aDerecho laboral |
||
| 942 |
_cBK _2ddc |
||